| 000 | 00546nam a2200157 a 4500 | ||
|---|---|---|---|
| 001 | BRCA_2044 | ||
| 005 | 20190320203640.0 | ||
| 008 | 010808s--------sp-#---###---#000-0#spa-# | ||
| 050 | 4 |
_aZ701 _b.C38 |
|
| 245 | 1 | 0 |
_aCatálogo 40 (i.e. Cuarenta) _buna selección de libros antiguos y modernos, raros y curiosos de los fondos de Hesperia. |
| 260 |
_aZaragoza, España _bHesperia |
||
| 300 |
_a1 v. (sin paginación) _c21 cm. |
||
| 650 | 1 | 4 |
_aLibros _vCatálogos _xSelección _96242 |
| 650 | 1 | 4 |
_aLibros impresos antiguos _vCatálogos _96243 |
| 942 |
_2lcc _cB |
||
| 999 |
_c1810 _d1810 |
||